01039nam a2200253 a 45000010005000000030009000050080041000140400028000550820015000831100120000982450054002182600061002723000009003335900019003426500020003616500023003816500021004046500018004256500037004439420012004809990017004929520138005099520138006479885CO-ViMGA141112s2004 ck r 000 u spa d aCO-ViMGAbspacCO-ViMGA04a323.4 S35a aMinisterio de Justicia y del Derecho : Dirección General de Políticas Juridicas y desarrollo Legislativo91186610aAcciones Populares y de Grupo : bLey 472 de 1998 aSantafé de Bogotá : bMinisterio de Justicia, c1998 a38p. aEjemplares : 214aCOLOMBIA91186714aCONFERENCIAS9801114aCONGRESOS91186814aDERECHO CIVIL14aPROTECCION DEL CONSUMIDOR911869 2ddccBK c21264d21264 00102ddc40708002aMEVIECARbMEVIECARd2015-12-04h24/sep/2013l0o323.4 S35a p010072r2015-12-04 00:00:00tEj. 1w2015-12-04yBK 00102ddc40708002aMEVIECARbMEVIECARd2015-12-04h11/jun/2009l0o323.4 S35a p010071r2015-12-04 00:00:00tEj. 2w2015-12-04yBK